Największe plagi w historii. - Statystyki

Ogólne statystyki
  • Ten quiz został rozwiązany 932 razy
    636 od ostatniego zresetowania
  • Średni wynik to 9 z 15
Statystyki odpowiedzi
Lata Śmierci Nazwa choroby % Poprawnych
2019-Obecnie 163,134 COVID-19
94%
1331-1353 200,000,000 Czarna śmierć
93%
541-542 30,000,000 Dżuma Justyniana
82%
1885-1912 25,000,000 Trzecia pandemia dżumy
82%
1918-1920 40,000,000 Hiszpanka
75%
1981-Obecnie 25,000,000 HIV/AIDS
57%
2014-2016 11,300 Ebola
56%
1968-1970 1,000,000 Grypa w Hongkongu
56%
1957-1958 1,100,000 Grypa azjatycka
55%
1889-1890 1,000,000 Rosyjska grypa
55%
1520-1979 50,000,000 Ospa prawdziwa
51%
1899-1923 1,000,000 Cholera
48%
2002-2003 770 SARS
40%
2009-2010 200,000 H1N1 / Świńska grypa
37%
165-180 5,000,000 Zaraza Antoninów / Antonine Plague
4%
Nie znaleziono quizów pasujących do podanych kryteriów
Rozkład punktacji
Procent ludzi z każdym wynikiem
Percentyl według liczby udzielonych odpowiedzi
Twoja historia wyników
Nie rozwiązałeś tego quizu od ostatniego zresetowania